La réponse contient "boule" - Statistiques

Statistiques générales
  • Ce quiz a été pris 359 fois
  • Le résultat moyen est 9 sur 14
Statistiques - réponses
Définitions Réponse % Correct
On l'utilise dans un canon. Boulet
97%
Dessin animé dans lequel un enfant vit avec un cocker et une tortue nommée Caroline. Boule et Bill
90%
Surnom péjoratif souvent donné aux personnes en surpoids. Bouboule
85%
Rue ou voie généralement large avec souvent des allées piétonnières sur ses bords. Boulevard
84%
Chute de pierre. Eboulement
84%
Arbres aux tronc généralement blanc. Bouleaux
80%
On se les mets dans les oreilles pour avoir du silence. Boules quies
76%
De viande, on les utilisent en cuisine. Boulettes
71%
Salade ou un mets froid à base de persil, de menthe et de boulghour. Taboulé
59%
Mot familier désignant une personne "folle", qui perd la tête. Maboule
57%
Déranger complètement quelque chose, en changer entièrement l'organisation. Chambouler
43%
Averse, souvent accompagnée de vent, brève et violente. Giboulée
37%
Plante aromatique cultivée pour ses feuilles, souvent utilisées comme condiment. Ciboulette
36%
Passages piétons à travers des cours d'immeuble qui permettent de se rendre d'une rue à une autre. Celles de Lyon sont les plus célèbres. Traboules
19%
Aucun quiz correspondant
Distribution des résultats
% des personnes avec chaque résultat
Percentile par nombre de réponses
Votre historique - résultats
Vous n’avez pas pris ce quiz